Logo BPK

Biblioteka

Politechniki Koszalińskiej

Podstawy projektowania narzędzi skrawających wraz z zagadnieniami technologicznymi / (Rekord nr 6015)

Szczegóły MARC
000 -ETYKIETA REKORDU
podpole kontrolne o stałej długości 00671nam a2200181 i 4500
001 - NUMER KONTROLNY REKORDU
pole kontrolne bg
040 ## - ŹRÓDŁO KATALOGOWANIA
Instytucja, która utworzyła rekord BPK
041 ## - KOD JĘZYKA
Kod języka tekstu pol
080 ## - UNIWERSALNA KLASYFIKACJA DZIESIĘTNA - UKD
UKD 621.9(075.8)
008 - POLE O STAŁEJ DŁUGOŚCI - DANE KONTROLNE
podpole kontrolne o stałej długości s pl f |000 0 pol
100 1# - NAZWA OSOBOWA
Nazwa osobowa Górski, Eugeniusz
Daty związane z nazwą (1924- ).
245 #0 - TYTUŁ/ODPOWIEDZIALNOŚĆ
Tytuł Podstawy projektowania narzędzi skrawających wraz z zagadnieniami technologicznymi /
Pozostałe elementy strefy tytułu i oznaczenia odpowiedzialności Eugeniusz Górski, Jan Harasymowicz.
260 ## - STREFA ADRESU WYDAWNICZEGO
Miejsce wydania Warszawa :
Nazwa wydawcy/dystrybutora Państw. Wydwn. Nauk.,
Data publikacji, dystrybucji/powstania dokumentu 1976.
300 ## - STREFA OPISU FIZYCZNEGO
Objętość s. 608 :
Inne cechy fizyczne rys., ilustr., tabl. [w tym] nlb. 1.
700 1# - HASŁO DODATKOWE - NAZWA OSOBOWA
Nazwa osobowa Harasymowicz, Jan
Daty związane z nazwą (1921- ).
856 ## - LOKALIZACJA I DOSTĘP DO ELEKTRONICZNYCH DOKUMENTÓW ZDALNYCH
Link (URL) http://koha.tu.koszalin.pl/cgi-bin/koha/opac-detail.pl?biblionumber=6015
Tekst linku Katalog online BPK
942 ## - DODATKOWE ELEMENTY (KOHA)
Typ dokumentu Książka
Egzemplarze
Wycofany Status egzemplarza Uszkodzony Dostępność Lokalizacja stała Lokalizacja bieżąca Miejsce przechowywania Sygnatura Kod kreskowy Typ dokumentu Numer ubytku
      Dostępny Biblioteka Politechniki Koszalińskiej Biblioteka Politechniki Koszalińskiej Wypożyczalnia BG P 46110 02037912 Książka  
  Egz. niedostępny   Niedostępny Biblioteka Politechniki Koszalińskiej Biblioteka Politechniki Koszalińskiej   21100 01988956 Książka 6779
      Dostępny Biblioteka Politechniki Koszalińskiej Biblioteka Politechniki Koszalińskiej Wypożyczalnia BG 21101 01694765 Książka  
      Dostępny Biblioteka Politechniki Koszalińskiej Biblioteka Politechniki Koszalińskiej Wypożyczalnia BG 22463 02064642 Książka  
      Dostępny Biblioteka Politechniki Koszalińskiej Biblioteka Politechniki Koszalińskiej Wypożyczalnia BG 22464 01280418 Książka  
© 2023 Biblioteka Politechniki Koszalińskiej :: KOHA